000
00305nam a2200109Ia 4500
008
171211s9999 xx 000 0 und d
245
_a
Unhomely Cinema: Home and Place in Global Cinema
245
_c
Dwayne Avery
260
_c
2014
650
_x
ART
856
_u
http://down.ebook777.com/061/1783083026.pdf
999
_c
348582
_d
348582